CHARACTERIZATION OF THE BOTTOM DROSS FORMED DURING BATCH HOT-DIP GALVANIZING AND ITS REFINING

Podrobná bibliografia
Hlavní autori: Hlucháňová, B. (Autor), Jakubéczyová, Dagmar (Autor), Trpčevská, Jarmila, 1972- (Autor), Vindt, Tomáš, 1985- (Autor), Zorawski, W. (Autor)
Médium: Článok
Jazyk:angličtina

MARC

LEADER 00000nab a2200000uu 4500
001 vtls011479880
003 SK-MaSNL
005 20260303155217.0
008 230222|2010 xo |||||||||||||||||eng|
015 |a SNBRB 
035 |a (urnnbn)urn:nbn:sk:snk:ar-005648 
035 |a (uuid)5206f5e9-ebc6-4a7d-bd26-81290018573e 
035 |a urn:nbn:sk:snk-abd7k9 
040 |a SNKBUCL  |b slo  |c SNKBUCL  |e AACR2 
041 0 |a eng 
044 |a xo  |c SK 
100 1 |a Hlucháňová, B.  |4 aut  |9 1178683 
245 1 0 |a CHARACTERIZATION OF THE BOTTOM DROSS FORMED DURING BATCH HOT-DIP GALVANIZING AND ITS REFINING  |c J. Trpčevská, B. Hlucháňová, T. Vindt, W. Zorawski, D. Jakubéczyová 
700 1 |a Jakubéczyová, Dagmar.  |4 aut  |9 21345 
700 1 |a Trpčevská, Jarmila,  |d 1972-  |4 aut  |9 206422 
700 1 |a Vindt, Tomáš,  |d 1985-  |4 aut  |9 201259 
700 1 |a Zorawski, W.  |4 aut  |9 812304 
773 0 |t Acta Metallurgica Slovaca : časopis Hutníckej fakulty Technickej univerzity Košice  |g Roč. 16, č. 3 (2010), s. 151-156 
958 |a OND 
958 |a EUIPO 
958 |a article18 
999 |c 2038898  |d 2040828